| 000 | 00359nam a2200145Ia 4500 | ||
|---|---|---|---|
| 005 | 20251222144735.0 | ||
| 008 | 251222s9999||||xx |||||||||||||| ||spa|| | ||
| 020 | _a997251409 | ||
| 082 | _a338.985/G67 | ||
| 100 | _aGonzales de Olarte, Efraín | ||
| 245 | 0 | _aNeocentralismo y Neoliberalismo en el Perú | |
| 250 | _a1ra.ed. | ||
| 264 | _bIEP | ||
| 942 | _cLIB | ||
| 999 |
_c18756 _d18756 |
||